000 00282nam a2200121Ia 4500
008 240625s9999 xx 000 0 und d
041 _aeng
082 _a658.406 MID
100 _aMIDISOFT
245 _aORGANISE FOR SUCCESS ELIMINATE CLUTTER A
260 _c2007
365 _cRS
_b10
999 _c34093
_d34093